Abastecimientos de agua / (Record no. 117247)

MARC details
000 -LEADER
campo de control de longitud fija 00765nam a2200205 i 4500
001 - NÚMERO DE CONTROL
campo de control 117247
003 - IDENTIFICADOR DE NÚMERO DE CONTROL
campo de control ES-MaACL
005 - FECHA Y HORA DE LA ÚLTIMA TRANSACCIÓN
campo de control 20230906190847.0
007 - CAMPO FIJO DE DESCRIPCIÓN FÍSICA--INFORMACIÓN GENERAL
campo de control de longitud fija t|
008 - DATOS DE LONGITUD FIJA--INFORMACIÓN GENERAL
campo de control de longitud fija 070301s1962 sp ad |||| | spa d
100 1# - ENTRADA PRINCIPAL--NOMBRE DE PERSONA
Nombre de persona Paz Maroto, José.
9 (RLIN) 89776
245 10 - MENCIÓN DEL TÍTULO
Título Abastecimientos de agua /
Mención de responsabilidad, etc. por D. José Paz Maroto y D. José Mª Paz Casañé.
260 ## - PUBLICACIÓN, DISTRIBUCIÓN, ETC.
Lugar de publicación, distribución, etc. Madrid :
Nombre del editor, distribuidor, etc. Escuela Técnica Superior de Ingenieros de Caminos, Canales y Puertos,
Fecha de publicación, distribución, etc. 1962 (
Fabricante Tip. Artística)
300 ## - DESCRIPCIÓN FÍSICA
Extensión 1 v. :
Otras características físicas il. ;
Dimensiones 25 cm +
Material acompañante/anejo 7 gráf. pleg.
650 #4 - PUNTO DE ACCESO ADICIONAL DE MATERIA--TÉRMINO DE MATERIA
Término de materia o nombre geográfico como elemento de entrada Agua-
Subdivisión general Abastecimiento.
9 (RLIN) 9692
700 1# - ENTRADA AGREGADA--NOMBRE PERSONAL
Nombre de persona Paz Casañé, José María.
9 (RLIN) 89767
710 2# - ENTRADA AGREGADA--NOMBRE DE ENTIDAD CORPORATIVA
Nombre de entidad corporativa o nombre de jurisdicción como elemento de entrada Escuela Técnica Superior de Ingenieros de Caminos, Canales y Puertos.
9 (RLIN) 218276
852 ## - LOCALIZACIÓN
Ubicación ES-MaACL
Número de control de estantería P-677
Holdings
Estatus retirado Estado de pérdida Estado de daño No para préstamo Biblioteca de origen Biblioteca actual Ubicación en estantería Fecha de adquisición Fuente de adquisición Total de préstamos Signatura topográfica completa Código de barras Visto por última vez Precio de reemplazo Tipo de ítem Koha
        Biblioteca del Ateneo de Madrid Biblioteca del Ateneo de Madrid Depósito 2 17/01/2008     P-677 1122245 23/02/2023 23/02/2023 Libro impreso